000 00923nam a2200289Ia 4500
999 _c336979
_d336979
001 126-STI ma un (17825)
003 IT-MiSPE
005 20180507174843.0
008 171229s9999||||xx |||||||||||||| ||und||
040 _aIT-MiSPE
_cIT-MiSPE
041 _aita
082 _a126-STI ma un (17825)
999 _bNO
100 _aStirner, Max
_d1806-1856
_qSchmidt, Johann Kaspar
_957084
240 _aDer Einzige und sein Eigentum
245 0 _aL'unico e la sua proprietà /
_bL'uomo anarchico
250 _a1a ed. (v)
260 _aBussolengo (VR)
_bDemetra
_c1996
300 _a415 p.
_c20 cm
490 _aAcquarelli
_v107
500 _aPersonalità
501 _aEdizioni San Paolo srl - Piazza Soncino, 5 - 20092 CINISELLO BALSAMO (MI) (non commercial uses only) ® Copyright 2018
520 _aFA
655 _aFilosofia
_xAnarchismo
_957085
700 _aLuca Michelini (pres.)
_957086
942 _cBK
_2ddc